000 00193nam a2200085Ia 4500
008 170617s9999 xx 000 0 und d
100 _aRoss & Wilson
245 0 _aAnotomy And Physiology
260 _bElsvier
260 _c2006
999 _c15227
_d15227